000 00840nam a2200253Ia 4500
003 OSt
005 20220930194521.0
006 a|||||r|||| 00| 0
007 ta
008 220926b |||||||| |||| 00| 0 eng d
024 _a12876
037 _cDissertations
040 _aCRL
_cCRL
_beng
041 _2eng
_aeng
100 _aMaheshwari Deepak
_9563315
110 _aUniversity of Delhi. Faculty of Medical Sciences. Department of Orthopaedics
_9519703
245 0 _aStudy regarding managemnt of flexor tendon injuries of hand
260 _c1996
650 _aORTHOPEDICS
_9519704
700 _a Dr Yadu Lal Supervisor
_9563316
700 _aUniversity of Delhi. Faculty of Medical Sciences. Department of Orthopaedics
_9519706
942 _cDIS
_2CC
999 _c897813
_d897813